Responses for Show #6773 - Wednesday, February 12, 2014

2014 College Championship quarterfinal game 3.

Contestants

[<< previous game]

Kevin Shen, a junior from the University of California, Berkeley from Cupertino, California

Terry O'Shea, a sophomore at Princeton University from Bridgewater, New Jersey

Kenesha Bennett, a senior from Oakwood University from Huntsville, Alabama

[next game >>]

Jeopardy! Round responses

MUSIC MAKERS
BIOLOGY CLASS
PRIME NUMBERS
STUDENT AID
3-LETTER WORDS
THE HARVARD BOOK STORE TOP 100
(Alex: These are top staff recommendations.)
    $200 1
fun.

Terry
    $200 18
a fetus

Terry
    $200 3
five

Terry
    $200 13
the Rhodes

Terry
    $200 2
a tip

Kevin
    $200 26
Jane Eyre

Terry
    $400 10
Lana Del Rey

Terry
    $400 19
(Terry: What are carbons?)
(Kenesha: What are sugars?)

amino acids

KeneshaTerry
Triple Stumper
    $400 5
13

Kenesha
    $400 14
Pell

Kenesha
    $400 4
vim

Kevin
    $400 27
Breakfast of Champions

Kevin
    $600 23
the Arctic Monkeys

Terry
    $600 20
endocrinology

Kevin
    $600 6
1861

Terry
    $600 15
(Kevin: What is the NHS?)
(Kenesha: What is the SAT?)

the National Merit Scholarship Program

KeneshaKevin
Triple Stumper
    $600 7
dig

Kenesha
    $600 28
The Heart Is a Lonely Hunter

Triple Stumper
    $800 24
(Kenesha: What is "Don't Wake Me Up"?)

"Wake Me Up"

Kenesha
Triple Stumper
    $800 21
fat

Triple Stumper
    $800 11
997

Kenesha
    $800 16
(Alex: [Recognizing her ring-in] Kenesha, you'd better get it.)
(Kenesha: What is [*]? I know! [Chuckles])

the UNCF (United Negro College Fund)

Kenesha
    $800 8
(Terry: What is...)

sod

KeneshaTerry
    $800 29
Watchmen

Terry
    $1000 25
Haim

Kenesha
    $1000 22
(Hans) Krebs

Terry
    $1000 12
seven

Kenesha
    $1000 17
the G.I. Bill

Kevin
    $1000 9
a wig

Kenesha
    $2,000 30
(Alex: Is that a guess?)
(Terry: ...yes.)
(Alex: It's a good one. You're right.)

Leaves of Grass

Terry

Scores at the first commercial break (after clue 15):

Kenesha Terry Kevin
$4,400 $800 $0

Scores at the end of the Jeopardy! Round:

Kenesha Terry Kevin
$5,000 $5,200 $2,000

Double Jeopardy! Round responses

HAIL TO THE CHIEF
TIME MANAGEMENT
SHARP THINGS
GETTING YOUR "M-B-A"
(Alex: Those three letters will come up in that order in each correct response.)
KENYA WEST
NO DISRESPECT TO BEN AFFLECK
    $400 11
Bill Clinton

Terry
    $400 6
noon

Terry
    $400 16
a scalpel

Kenesha
    $400 1
resemblance

Terry
    $400 26
the equator

Kenesha
    $400 21
Jennifer Garner

Kevin
    $800 12
(Kenesha: Who is Truman?)

Eisenhower

KeneshaTerry
    $800 7
a sundial

Kevin
    $800 17
(Terry: What is a knife?)
(Kenesha: What is a sword?)
...
(Alex: What is an old-fashioned [*]?)

straight razor

KeneshaTerry
Triple Stumper
    $800 2
embrace

Terry
    $800 27
a watering hole

Terry
    $800 22
Argo

Terry
    $1200 13
Teddy Roosevelt

Terry
    $2,400 8
an atomic clock

Kevin
    $1200 18
a sword

Kevin
    $1200 3
embark

Kenesha
    $1200 28
(Kenesha: What are herons?)

algae

KeneshaKevin
    $1200 23
Good Will Hunting

Terry
    $1600 14
Buchanan

Terry
    $1600 9
a bell

Kevin
    $1600 19
a chainsaw

Kevin
    $1600 4
membrane

Kevin
    $1600 29
the Great Rift Valley

Triple Stumper
    $1600 24
Shakespeare in Love

Terry
    $3,000 15
(Terry: Who is Andrew Jackson?)

Zachary Taylor

Terry
    $2000 10
(Kevin: What is a laser?)

fluorescent light

Kevin
Triple Stumper
    $2000 20
(Kenesha: What is dull?)

having an axe to grind

Kenesha
Triple Stumper
    $2000 5
umbrella

Terry
    $2000 30
Isak Dinesen

Triple Stumper
    $2000 25
Jeremy Renner

Terry

Scores at the end of the Double Jeopardy! Round:

Kenesha Terry Kevin
$2,200 $15,400 $10,800

Final Jeopardy! Round responses

BIBLE CHARACTERS
KeneshaWhat is The Good Samaritan
$2,200
KevinWhat is the Good Samaritan?
$4,601
TerryWhat is the good Samaritan
$2,000
the Good Samaritan

Final scores:

Kenesha Terry Kevin
$4,400 $17,400 $15,401
3rd place: $5,000 if eliminated Automatic semifinalist 2nd place: $5,000 if eliminated

Game dynamics:

Coryat scores:

Kenesha Terry Kevin
$2,200 $17,400 $9,600
12 R,
7 W
24 R
(including 1 DD),
4 W
(including 1 DD)
13 R
(including 1 DD),
2 W

Combined Coryat: $29,200

[game clues] [game scores] [suggest correction]

Game tape date: 2014-01-07
The J! Archive is created by fans, for fans. Scraping, republication, monetization, and malicious use prohibited; this site may use cookies and collect identifying information. See terms. The Jeopardy! game show and all elements thereof, including but not limited to copyright and trademark thereto, are the property of Jeopardy Productions, Inc. and are protected under law. This website is not affiliated with, sponsored by, or operated by Jeopardy Productions, Inc. Join the discussion at JBoard.tv.